00488nam a2200169 a 450000500170000000800410001702000150005805000250007310000200009824500520011825000120017026000630018230000300024552100090027565000150028470000190029920140310183250.0041018s19uu xx 00 eng d a9812470891 aHF 5415b.Ar735 2003 aArmstrong, Gary aMarketing :ban introduction /cGary Armstrong. a6th ed. aSingapore :bPearson Education South Asia Pte, Ltd,c2003. a124 p. :bill. ;c25 cm.  aBSBA aMarketing. aKotler, Philip